Luxemburg, Belgien oder Niederlande? - Statistiken

Allgemein
  • Dieses Quiz wurde 126 mal gespielt
  • Das Durchschnittsergebnis liegt bei 8 aus 12
Antwortstatistiken
Frage Antwort % Korrekt
...der keinen Zugang zu einem Meer hat und daher ein Binnenstaat ist. Luxemburg🇱🇺
98%
...der nicht an der EM 2024 teilgenommen hat. Luxemburg🇱🇺
94%
...der sich über die größte Fläche erstreckt. Niederlande🇳🇱
91%
...in dem es die wenigsten offiziellen Amtssprachen gibt. Niederlande🇳🇱
87%
...der eine Monarchie ist, jedoch keinen König hat. Luxemburg🇱🇺
76%
...der über die wenigsten Nachbarländer verfügt. Niederlande🇳🇱
72%
...dessen Bruttoinlandsprodukt am niedrigsten ist. Belgien🇧🇪
61%
...dessen Bruttoinlandsprodukt am höchsten ist. Luxemburg🇱🇺
52%
...der das Pfandsystem eingeführt hat. Niederlande🇳🇱
50%
...der zuerst der EU beigetreten ist. Belgien🇧🇪
43%
...der am wenigsten ESC-Siege erzielt hat. Belgien🇧🇪
31%
...dessen Flagge offiziell am längsten in Gebrauch ist. Belgien🇧🇪
28%
Keine übereinstimmenden Quizze gefunden
Verteilung der Resultate
Anzahl Personen mit jedem Resultat
Perzentil nach korrekt beantworteten Fragen
Ihre Resultats-Entwicklung
Sie haben dieses Quiz noch nicht gespielt